书目信息 |
| 书名: | Lattice gauge theories | |
| 作者: | Heinz J. Rothe. | |
| 分册号: | ||
| 分册名: | 出版地: | 北京 : |
|
| 出版社: | World Scientific | |
| 出版时间: | 2014. | |
| 页数: | xx, 606 p. : | |
| 开本: | 23 cm. | |
| 丛书名: | ||
| 中图分类号: | ||
| 科图分类号: | ||
| 其他分类号: | O572.24 | |
| 主题词: | ||
| 电子资源: | ||
| 000 | 00845cam 2200253 a 450 | |
| 001 | CAL 022015015704 | |
| 003 | CAL | |
| 005 | 20150327082358.1 | |
| 008 | 150327s2014 cc a b 001 0 eng d | |
| 020 | @a9787510078651 (pbk.)@cCNY109.00 | |
| 040 | @aSHU@cSHU@dSHU | |
| 093 | @aO572.24@25 | |
| 099 | @aO572.24/R846=4@dO572.24 | |
| 100 | 1 | @aRothe, Heinz J. |
| 245 | 10 | @aLattice gauge theories :@ban introduction /@cHeinz J. Rothe. |
| 246 | 14 | @a格点规范理论 |
| 250 | @a4th ed. | |
| 260 | @a北京 :@bWorld Scientific,@c2014. | |
| 300 | @axx, 606 p. :@bill. ;@c23 cm. | |
| 490 | 1 | @aWorld Scientific lecture notes in physics ;@vv. 82 |
| 504 | @aIncludes bibliographic references (p. 590-604) and index. | |
| 650 | 0 | @aLattice gauge theories. |
| 830 | 0 | @aWorld Scientific lecture notes in physics ;@vv. 82. |
| 905 | @a河南城建学院图书馆@dO572.24@eR846=4 | |
| Lattice gauge theories : : an introduction / / Heinz J. Rothe.-4th ed.-北京 : : World Scientific, , 2014. |
| xx, 606 p. : : ill. ; ; 23 cm.- (World Scientific lecture notes in physics ; v. 82) |
| Includes bibliographic references (p. 590-604) and index. |
| ISBN 9787510078651 (pbk.)CNY109.00 |
| ● |
| 相关链接 |
|
|
|
正题名:Lattice gauge theories
索取号:O572.24
 
预约/预借
| 序号 | 登录号 | 条形码 | 馆藏地/架位号 | 状态 | 备注 |
| 1 | 15717 | 300157176 | 自科库401/401自科库 89排2列2层/ [索取号:O572.24/] | 在馆 |